般若心経 - Statistics

General Stats
  • This quiz has been taken 60 times
  • The average score is 118 of 266
Answer Stats
% Correct
94%
92%
84%
80%
78%
76%
75%
73%
69%
65%
63%
63%
61%
59%
59%
59%
59%
57%
55%
53%
51%
49%
49%
49%
49%
47%
47%
47%
47%
45%
45%
45%
43%
43%
41%
39%
39%
37%
37%
37%
37%
35%
35%
35%
35%
35%
33%
33%
33%
33%
33%
33%
33%
33%
33%
31%
31%
31%
31%
31%
31%
31%
29%
29%
29%
29%
29%
27%
27%
27%
25%
25%
25%
25%
24%
24%
24%
24%
24%
24%
24%
24%
24%
24%
24%
24%
24%
22%
22%
22%
22%
20%
20%
20%
20%
20%
18%
18%
18%
18%
18%
18%
18%
18%
16%
16%
16%
16%
14%
12%
12%
12%
12%
12%
10%
10%
10%
No matching quizzes found
Score Distribution
Percent of People with Each Score
Percentile by Number Answered
Your Score History
You have not taken this quiz